El derecho de transito como subsistema juridico / (Registro nro. 18835)

Detalles MARC
000 -LEADER
fixed length control field 01157cam a2200313 a 4500
003 - CONTROL NUMBER IDENTIFIER
control field CO-CtgCURN
005 - DATE AND TIME OF LATEST TRANSACTION
control field 20250331184417.0
007 - PHYSICAL DESCRIPTION FIXED FIELD--GENERAL INFORMATION
fixed length control field ta
008 - FIXED-LENGTH DATA ELEMENTS--GENERAL INFORMATION
fixed length control field 160302s2015 ck gr 000 0 spa
020 ## - INTERNATIONAL STANDARD BOOK NUMBER
International Standard Book Number 9789588920139
040 ## - CATALOGING SOURCE
Original cataloging agency CO-CtgCURN
Language of cataloging spa
Transcribing agency coctgcurn
082 04 - DEWEY DECIMAL CLASSIFICATION NUMBER
Classification number 340.56
Item number V182
Edition information 23
100 1# - MAIN ENTRY--PERSONAL NAME
Personal name Vallejo, Victor Hugo.
245 13 - TITLE STATEMENT
Title El derecho de transito como subsistema juridico /
Statement of responsibility, etc. Victor Hugo Vallejo ; [editor, José Ignacio Claros V.].
250 ## - EDITION STATEMENT
Edition statement 1a. ed.
260 ## - PUBLICATION, DISTRIBUTION, ETC.
Place of publication, distribution, etc. Cali :
Name of publisher, distributor, etc. Universidad Santiago de Cali,
Date of publication, distribution, etc. 2015.
300 ## - PHYSICAL DESCRIPTION
Extent 132 p. ;
Dimensions 24 cm.
336 ## - CONTENT TYPE
Source rdacontent
337 ## - MEDIA TYPE
Source rdamedia
Media type term sin mediacion
Media type code n
338 ## - CARRIER TYPE
Source rdacarrier
Carrier type term volumen
Carrier type code nc
504 ## - BIBLIOGRAPHY, ETC. NOTE
Bibliography, etc. note Incluye referencias bibliograficas (p. 129-132)
650 14 - SUBJECT ADDED ENTRY--TOPICAL TERM
Topical term or geographic name entry element Sistema juridico
General subdivision Investigaciones.
650 14 - SUBJECT ADDED ENTRY--TOPICAL TERM
Topical term or geographic name entry element Trafico de carreteras
General subdivision Aspectos jurídicos.
700 1# - ADDED ENTRY--PERSONAL NAME
Personal name Claros V., José Ignacio,
Relator term editor.
Relationship ed
852 ## - LOCATION
-- 25000
852 ## - LOCATION
-- 25000
852 ## - LOCATION
-- 25000
942 ## - ADDED ENTRY ELEMENTS (KOHA)
Koha item type Libros
Classification part 340.56
Item part V182
Source of classification or shelving scheme Dewey Decimal Classification
Existencias
Withdrawn status Lost status Source of classification or shelving scheme Damaged status Not for loan Collection Home library Current library Shelving location Date acquired Inventory number Total checkouts Full call number Barcode Date last seen Copy number Price effective from Koha item type Public note
    Dewey Decimal Classification     General Miguel Henríquez Castañeda Miguel Henríquez Castañeda General 03/31/2025 018203   340.56 V182 018203 03/31/2025 ej.1 03/31/2025 Libros 340-DEREC
    Dewey Decimal Classification     General Miguel Henríquez Castañeda Miguel Henríquez Castañeda General 03/31/2025 018205   340.56 V182 018205 05/09/2025 ej.3 03/31/2025 Libros 340-DEREC
    Dewey Decimal Classification     General Miguel Henríquez Castañeda Miguel Henríquez Castañeda General 03/31/2025 018204   340.56 V182 018204 05/09/2025 ej.2 03/31/2025 Libros 340-DEREC